01622nam a22002417a 45000010005000000030006000050050017000110080041000280200018000690400029000870500008001160820011001241000023001352450125001582600039002833000043003225050008003655200907003735210020012805210020013006500028013207000032013485541FISKH20250131120947.0241217b cb ||||| |||| 00| 0 eng d a9781407132716 aFISKHbengcFISKHdFISKH aPZ7 a612.65 aJessen, Christian  aDr Christian's guide to growing up :bBoys' & girls'questions answered by TV's favorite doctor /cby Dr Christian Jessen aScholastic : bNew York, c2013 .  a96 pages : billustrations ;c25 cm .  aZ  a A child's guide to growing up & the facts of life by TV's favourite doctor. Finally TV's favourite doctor, Dr Christian, comes to the rescue of parents, boys and girls to answer all their questions about adolescence, sexuality and puberty. In his assured, no-nonsense fashion Dr Christian allays the fears, and uncertainties of growing youngsters (and helps parents find answers) about puberty, sex, personal and emotional health and body image. Leave it on the coffee table or sit down and go through it together- this book is a godsend for every family household with children under the age of 15. Addressing all those cringey questions parents squirm at answering, Dr Christian's sensible, light-hearted advice guides boys and girls on the path to be coming healthy, happy adults. Covering issues such as: Puberty Diet Sex Sexuality Self-esteem/body image Personal health Emotional health Bullying8 a980 bLexile 8 aZ bRaz-Plus  agrowing upvNon-fiction aSemple, Davideillustrator